| 000 | 01159nam a2200337 a 4500 | ||
|---|---|---|---|
| 001 | 000013926 | ||
| 003 | DO-SdBNP | ||
| 005 | 20250210143957.0 | ||
| 007 | ta | ||
| 008 | 091202s2004 dr 000 e spa d | ||
| 020 | _a9993479071 | ||
| 040 |
_aDO-SdBNP _bspa _cBNPHU _erda |
||
| 049 | _aBNPD | ||
| 082 | 4 |
_aRD864.44 _bC433l _222 |
|
| 100 | 1 |
_aChahín, Plinio, _d1959- _eautor _4aut. _924881 |
|
| 245 | 1 | 0 |
_aLiteratura sin lenguaje? : _bescritos sobre le silencio y otros textos / _cPlinio Chahín. |
| 260 |
_aSanto Domingo : _bBúho, _c2004. |
||
| 264 | 4 |
_aSanto Domingo : _bEditora Búho, _c©2004. |
|
| 300 |
_a404 páginas ; _c23 cm. |
||
| 336 |
_atexto _btxt _2rdacontent |
||
| 337 |
_asin mediación _bn _2rdamedia |
||
| 338 |
_avolumen _bnc _2rdacarrier |
||
| 500 | _aIncluye datos biográficos del autor en las solapas | ||
| 504 | _aBibliografía : páginas 395-404 | ||
| 590 | _aInventariado, 2025/BT | ||
| 650 | 4 |
_aLiteratura dominicana _ySIGLO 20 _931555 |
|
| 650 | 4 |
_aCrítica literaria _zRepública Dominicana _96288 |
|
| 650 | 0 |
_aEnsayos dominicanos _965 |
|
| 650 | 4 |
_aCrítica literaria _xColecciones de escritos _931556 |
|
| 942 |
_2ddc _cLBS1 |
||
| 999 |
_c13531 _d13531 |
||